ՀՀ Գիտությունների ազգային ակադեմիայի հիմնարար գիտական գրադարան  =   Fundamental Scientific Library of NAS RA

Млекопитающие СССР : (Record no. 41368)

MARC details
000 -LEADER
fixed length control field 01292nam a2200241 a 4500
001 - CONTROL NUMBER
control field 000125091
003 - CONTROL NUMBER IDENTIFIER
control field AM-YEHGA
005 - DATE AND TIME OF LATEST TRANSACTION
control field 20250617122627.0
008 - FIXED-LENGTH DATA ELEMENTS--GENERAL INFORMATION
fixed length control field 990412s1982 ru ||||gr|||||||||0|rus|d
020 ## - INTERNATIONAL STANDARD BOOK NUMBER
Terms of availability
040 ## - CATALOGING SOURCE
Original cataloging agency AM-YeHGA
041 0# - LANGUAGE CODE
Language code of text/sound track or separate title rus
090 ## - LOCALLY ASSIGNED LC-TYPE CALL NUMBER (OCLC); LOCAL CALL NUMBER (RLIN)
-- 42039
245 00 - TITLE STATEMENT
Title Млекопитающие СССР :
Remainder of title 3-й съезд Всесоюзного териологического общества, Москва, 1-5 февр. 1982 г. : Тезисы докладов /
Statement of responsibility, etc. Всесоюзное териологическое общество (3) ; Редкол.: П.А. Пантелеев (отв. ред.) и др.
260 ## - PUBLICATION, DISTRIBUTION, ETC.
Place of publication, distribution, etc. Москва :
Name of publisher, distributor, etc. Б. и.,
Date of publication, distribution, etc. 1982-
300 ## - PHYSICAL DESCRIPTION
Extent том
Other physical details
500 ## - GENERAL NOTE
General note В надзаг.: АН СССР, Всесоюз. териол. о-во, Ин-т эволюц. морфологии и экологии животных им. А.Н. Северцова
505 ## - FORMATTED CONTENTS NOTE
Miscellaneous information Т. 1 (1982, 347 с.)
-- Т. 2 ( 1982, 369 с. )
650 14 - SUBJECT ADDED ENTRY--TOPICAL TERM
Topical term or geographic name entry element Млекопитающие СССР - Тезисы докладов
700 10 - ADDED ENTRY--PERSONAL NAME
Personal name Пантелеев, Павел Александрович
Relationship edt
711 2# - ADDED ENTRY--MEETING NAME
Meeting name or jurisdiction name as entry element Съезд Всесоюзного териологического общества 3, Москва, 1-5 Февраля 1982г.
942 ## - ADDED ENTRY ELEMENTS (KOHA)
Source of classification or shelving scheme Universal Decimal Classification
Koha item type Գրքեր / Books
Holdings
Withdrawn status Lost status Source of classification or shelving scheme Damaged status Not for loan Collection Home library Current library Date acquired Serial enumeration / chronology Total checkouts Full call number Barcode Date last seen Price effective from Koha item type Public note
    Universal Decimal Classification     General Fundamental Scientific Library Fundamental Scientific Library 21/12/2016 Т. 1   PII/477196 FL0289581 21/12/2016 21/12/2016 Գրքեր / Books 30 Days Loan
    Universal Decimal Classification     General Fundamental Scientific Library Fundamental Scientific Library 09/12/2022 Т. 2   PII/477197 FL0289580 09/12/2022 09/12/2022 Գրքեր / Books 30 Days Loan


ՀՀ ԳԱԱ հիմնարար գիտական գրադարան
ՀՀ,Երևան 0019
Մարշալ Բաղրամյան 24/6
հեռախոս:(374-10) 52-47-50
Հետադարձ կապ

All site content, except where otherwise noted, is licensed under a
Creative Commons License